Příspěvek k řízení lidských zdrojů a vytváření podmínek pro podnikání i zaměstnanost v Moravskoslezském regionu
Význam ľudského kapitálu pre priemyslové podnikanie a manažment. Ľudský kapitál ako najcennejší zdroj rastu konkurenčnej schopnosti a nástroj dlhodobej perspektívy. Stručná charakteristika vybraného Moravskosleského regiónu, výsledky analýzy SWOT. Hodnotenie čiastkových analýz podľ vybraných hľadísk...
Uložené v:
| Hlavný autor: | |
|---|---|
| Médium: | Kapitola |
| Jazyk: | Czech |
| Predmet: | |
| Tagy: |
Žiadne tagy, Buďte prvý, kto otaguje tento záznam!
|
MARC
| LEADER | 00000naa$a2200000$$$4500 | ||
|---|---|---|---|
| 001 | 0034313 | ||
| 005 | 20221128120858.3 | ||
| 041 | 0 | |a cze | |
| 044 | |a SK | ||
| 245 | 1 | 0 | |a Příspěvek k řízení lidských zdrojů a vytváření podmínek pro podnikání i zaměstnanost v Moravskoslezském regionu |c Eva Wagnerová |
| 520 | |a Význam ľudského kapitálu pre priemyslové podnikanie a manažment. Ľudský kapitál ako najcennejší zdroj rastu konkurenčnej schopnosti a nástroj dlhodobej perspektívy. Stručná charakteristika vybraného Moravskosleského regiónu, výsledky analýzy SWOT. Hodnotenie čiastkových analýz podľ vybraných hľadísk. | ||
| 610 | 2 | 0 | |a riadenie ľudských zdrojov |
| 610 | 2 | 0 | |a kapitál ľudský |
| 610 | 2 | 0 | |a regióny |
| 610 | 2 | 0 | |a podnikanie |
| 610 | 2 | 0 | |a konkurencieschopnosť |
| 610 | 2 | 0 | |a Česko |
| 610 | 2 | 0 | |a analýza swot |
| 100 | 1 | |a Wagnerová, Eva | |